000 00341nam a22001457a 4500
008 230412b ||||| |||| 00| 0 eng d
020 _a9781305114104
041 _aeng
080 _2SECOND EDITION
_a37
082 _a37
100 _a22
101 _aEDUKIM
245 _aFUSION INTERGRATED READING AND WRITING
_cKEMPER
942 _2udc
_cBK
999 _c59519
_d59519